000 00929nam a2200229 i 4500
001 53989
003 ES-MaACL
005 20230906162853.0
007 t|
008 031120s2001 sp ||||0| spa d
020 _a84-451-1911-7
040 _aM-BN
_bspa
_cM-BN
080 _a016:946.027"04/14"
100 1 _aFernández López, Olga.
_949882
245 1 0 _aRecopilación bibliográfica para el estudio de la historia medieval de la Comunidad de Madrid /
_cOlga Fernández López, Carlos Manuel Vera Yagüe, Ángel Carrasco Tezanos, Grupo Transierra.
260 _a[Madrid] :
_bComunidad de Madrid, Dirección General de Patrimonio Histórico-Artístico,
_c[2001]
300 _a308 p ;
_c28 cm.
651 4 _aMadrid (Comunidad Autónoma)-
_xHistoria-
_yS.V-XV-
_vBibliografías.
_98999
700 1 _aVera Yagüe, Carlos Manuel.
_9113971
700 1 _aCarrasco Tezanos, Ángel.
_935570
852 _aES-MaACL
_jL-26745
_bR.132279
999 _c53989
_d53989